000 00286nam a22001337a 4500
008 180927b xxu||||| |||| 00| 0 eng d
020 _a025601930
041 _aeng
080 _a556
100 _a57
101 _aFIN
245 _aReal Estate Finance
_cStone L.D
942 _2udc
_cBK
999 _c48530
_d48530